Statistics for U.S. Cities by Hispanic Population

Click here to take the quiz!

General Stats

  • This quiz has been taken 22,693 times
    (14,141 since last reset)
  • The average score is 13 of 20

Answer Stats

#City%% Correct
1,960,000Los Angeles48.9
99%
2,520,000New York City29.2
97%
332,000Miami71.7
94%
561,000Dallas41.9
93%
1,030,000Houston44.6
93%
429,000San Diego30.2
90%
698,000Phoenix42.9
85%
788,000Chicago29.0
83%
969,000San Antonio64.1
79%
325,000Austin34.2
78%
557,000El Paso81.4
72%
277,000Albuquerque49.6
65%
234,000Philadelphia14.8
60%
333,000San Jose32.1
60%
240,000Tucson44.9
50%
316,000Fort Worth36.1
41%
258,000Fresno49.0
29%
250,000Laredo95.3
19%
255,000Santa Ana76.5
14%
230,000Hialeah96.2
8%

Score Distribution

Percentile by Number Answered

Percent of People with Each Score

Your Score History

You have not taken this quiz since the last reset